01436 a2200337 4500010001700000020002900017020003600046020003500082035001300117037001600130082001200146245009200158260003700250270005500287300008300342490003300425490003300458490003300491500014700524505021900671650003600890700001900926700001900945700002700964700001900991700002401010700002001034700001201054700001701066700001501083 aENG-89088-89 a8124601895c800.00 (v.1) a8124603499 (v.2)c1100.00 (v.2) a8124604150 (v.3)c900.00 (v.3) aEN-72621 bDBAD / PUB a307.772 aForest tribes of Orissa :blifestyle and social conditions of selected Orissan tribes / aNew DelhibD.K. Printworldc2006 a`Sri Kunj', F-32, Bali Nagar,bNew Delhie110 015 a3 V. (xxv, 433p.; xxxii, 552p.; xxxi, 392p.)c23 cm (Hb)bmaps & col.photos aMan and Forest series 5vV.1 aMan and Forest series 6vV.2 aMan and Forest series 7vV.3 aThis book published in 3 vols. - V.1 recd. on 22/6/05 (Rs. 800.00) , v.2 & 3 recd. (27.2.08) & includes bibliographical references and index av.1 - the Dongaria Kondh/by Mihir K. Jena...[et.al]v.2 - The Kuttia Kondh/by Mihir K. Jena...[et.al]v.3 - The Juang: their Ethnosociology, Ethnobotany and local Knowledge of Forests/ by Nityananda Patnaik...[et.al] aOrissa (India) Scheduled Tribes aJena, Mihir K. aPathi, Padmini aPatnaik, Kamala Kumari aSeeland, Klaus aPatnaik, Nityananda aChoudhury, B.P. aA. Rath aBiswal, A.K. aGiri, D.B.